000 00731cam a22002413a 4500
001 12713
003 PGUSA
005 20140828083255.0
008 040601s2004||||xxu|||||s|||||000 p eng d
040 _aPGUSA
_beng
042 _adc
050 4 _aPR
100 1 _aColeridge, Samuel Taylor,
_d1772-1834
245 1 4 _aThe Rhyme of the Ancient Mariner
_h[electronic resource] /
_cSamuel Taylor Coleridge
260 _bProject Gutenberg,
_c2004
506 _aCopyrighted. Read the copyright notice inside this book for details.
516 _aElectronic text
653 _aPoetry
740 0 _aRime of the ancient mariner
830 0 _aProject Gutenberg
_v12713
856 4 0 _uhttp://www.gutenberg.org/ebooks/12713
942 _cEB
999 _c241968
_d241968